000 00623nam a2200241 i 4500
001 C2-0299999
003 PPAK
005 20180728081556.0
008 090930s2008 enk |||| ||||| | eng d
020 _a9781841495217
040 _aPPAK
_beng
_cPPAK
_erda
082 0 4 _a823
_223
090 0 0 _a823
_bWIL
_dG
100 1 _aWilliams, Sean,
_eauthor
245 1 0 _aAstropolis :
_bearth ascendant
264 1 _aLondon :
_bOrbit ,
_c2008
300 _a290 pages ;
_c18 cm
336 _2rdacontent
_atext
337 _2rdamedia
_aunmediated
338 _2rdacarrier
_avolume
650 1 0 _aEnglish fiction
942 _ddc
_cB
999 _c103914
_d103914